Ir para o conteúdo

Методические указания по организации деятельности должностных лиц органов и учреждений уголовно-исполнительной системы при производстве по делам об административных правонарушениях Практическое пособие

В данной работе предложен авторский проект методических указаний по осуществлению производства по делам об административных правонарушениях должностными лицами УИС по составам административных правонарушений подведомственных сотрудникам ФСИН России. Пособие предназначено для практических работников...

ver descrição completa

Na minha lista:
Detalhes bibliográficos
Autor principal: Гришин Д.А
Formato: Практическое пособие
Acesso em linha:https://znanium.com/catalog/document?id=253909
https://znanium.com/cover/0773/773843.jpg
Tags: Adicionar Tag
Sem tags, seja o primeiro a adicionar uma tag!
LEADER 02694nam0a2200277 i 4500
001 RU\infra-m\znanium\bibl\773843
003 https://znanium.com/catalog/document?id=253909
005 20200203000000.0
010 |a 978-5-7743-0507-0 
100 |a 20200203d2016 m y0rusy0150 ca 
101 0 |a rus 
102 |a RU 
200 1 |a Методические указания по организации деятельности должностных лиц органов и учреждений уголовно-исполнительной системы при производстве по делам об административных правонарушениях  |e Практическое пособие  |f Академия права и управления Федеральной службы исполнения наказаний 
210 1 |a Рязань  |c Академия ФСИН России  |d 2012 
215 |a 51 с. 
330 |a В данной работе предложен авторский проект методических указаний по осуществлению производства по делам об административных правонарушениях должностными лицами УИС по составам административных правонарушений подведомственных сотрудникам ФСИН России. Пособие предназначено для практических работников УИС занимающихся осуществлением административного надзора. 
606 |a Право. Юридические науки  |x Административное право. Муниципальное право.  |2 local 
608 |a Практическое пособие  |2 local 
675 |a 342  |z rus 
686 |a 67401  |2 rubbk 
686 |a 40.00.00  |2 okso 
700 1 |a Гришин  |b Д.А.  |g Дмитрий Александрович  |p Академия права и управления Федеральной службы исполнения наказаний 
701 1 |a Поникаров  |b В.А.  |g Владимир Анатольевич  |p Академия права и управления Федеральной службы исполнения наказаний 
801 0 |a RU  |b Общество с ограниченной ответственностью «ЗНАНИУМ»  |c 20161108  |2 rusmarc 
856 4 |a znanium.com  |m ebs_support@infra-m.ru  |n НИЦ ИНФРА-М  |u https://znanium.com/catalog/document?id=253909 
856 4 1 |a znanium.com  |d /cover/0773  |f 773843.jpg  |q image/jpeg  |u https://znanium.com/cover/0773/773843.jpg